| 000 | 00707nam a22002297a 4500 | ||
|---|---|---|---|
| 003 | 0 | ||
| 005 | 20241227160654.0 | ||
| 008 | 241227b xxu||||| |||| 00| 0 eng d | ||
| 020 | _a9781774697153 | ||
| 050 | _aG155 .J89 2024 | ||
| 100 | _aJuyal, Deepak | ||
| 245 |
_aCommunity based tourism _cDeepak Juyal |
||
| 260 |
_aBurlington, Canada _bToronto Academic Press _c2024 |
||
| 300 |
_axii, 257 pages : _bcolored pictures and illustrations ; _c26cm. |
||
| 504 | _aIncludes bibliographical references and index. | ||
| 650 | _aTourism. | ||
| 650 | _aCommunity based--tourism. | ||
| 650 | _aCultural--Tourism. | ||
| 650 | _aFood Tourism. | ||
| 650 | _aSustainable Tourism. | ||
| 942 |
_2lcc _cBK |
||
| 999 |
_c366845 _d366845 |
||